Top 10 Most Urbanized U.S. States - Statistics

General Stats
  • This quiz has been taken 139 times
  • The average score is 8 of 10
Answer Stats
Urban Population Percentage State % Correct
90.7% Rhode Island
96%
95% California
94%
94.7% New Jersey
93%
91.2% Florida
92%
92% Massachusetts
91%
91.9% Hawaii
79%
88.5% Illinois
77%
94.2% Nevada
75%
89.8% Arizona
74%
90.6% Utah
67%
No matching quizzes found
Score Distribution
Percent of People with Each Score
Percentile by Number Answered
Your Score History
You have not taken this quiz